000 00867nam a22002537a 4500
003 CBULib
005 20240118135258.0
008 240112b |||||||| |||| 00| 0 eng d
040 _aCBULib
_bEnglish
_cCBULib
_erda
041 _aeng
050 _aCBU-PG THESIS/SIK
100 _aSikombe, Jane
245 _aGrade 11 learners’ misconceptions and inability to apply basic algebra operations: a case of selected secondary schools in Chilanga district, Zambia
_c/ by Jane Sikombe
260 _bCopperbelt University,
_c2021
_aKitwe:
300 _axiii, 127pages : illustrations
336 _2rdacontent
_aText |
_btxt
337 _2rdamedia
_aUnmediated |
_bn
338 _2rdacarrier
_aVolume
_bnc
504 _aIncludes references
650 0 _91771
_aSECONDARY SCHOOL LEARNERS
650 0 _91772
_aALGEBRA
650 0 _9926
_aMATHEMATICS
942 _2lcc
_c030
999 _c83979
_d83979